Giao tiếp Hàn-Việt cấp tốc

Sách gồm 19 chủ đề giao tiếp cơ bản, các tình huống rất gần gũi cuộc sống hàng ngày.

Uloženo v:
Podrobná bibliografie
Hlavní autor: Thành Nhân
Médium: Kniha
Jazyk:Undetermined
Vydáno: Hà Nội Thanh niên 2015
Témata:
Tagy: Přidat tag
Žádné tagy, Buďte první, kdo otaguje tento záznam!
Thư viện lưu trữ: Trung tâm Học liệu Trường Đại học Cần Thơ
LEADER 00721nam a2200205Ia 4500
001 CTU_210080
008 210402s9999 xx 000 0 und d
082 |a 495.7 
082 |b Th107 
100 |a Thành Nhân 
245 0 |a Giao tiếp Hàn-Việt cấp tốc 
245 0 |c Thành Nhân, Nhật Thanh 
260 |a Hà Nội 
260 |b Thanh niên 
260 |c 2015 
520 |a Sách gồm 19 chủ đề giao tiếp cơ bản, các tình huống rất gần gũi cuộc sống hàng ngày. 
650 |a Tiếng Hàn,Korean language 
650 |x Dạy và học,Study and teaching 
904 |i Hải 
980 |a Trung tâm Học liệu Trường Đại học Cần Thơ